[Event "Podgorica U2300 op"]
[Site "Podgorica"]
[Date "2021.04.21"]
[Round "8"]
[White "Mitrovic, Miroslav"]
[Black "Pobor, Milo"]
[Result "0-1"]
[WhiteElo "1963"]
[BlackElo "2071"]
[PlyCount "40"]
[EventDate "2021.04.16"]
[EventType "swiss"]
[EventRounds "9"]
[EventCountry "MNE"]
[SourceTitle "EXT 2022"]
[Source "ChessBase"]
[SourceDate "2021.10.06"]
[SourceVersion "1"]
[SourceVersionDate "2021.10.06"]
[SourceQuality "1"]

1. e4 c5 2. c3 e6 3. Nf3 Nc6 4. d4 d5 5. exd5 exd5 6. Bd3 c4 7. Bc2 Bd6 8. 0-0 Nge7 9. Re1 0-0 10. h3 Bf5 11. Bxf5 Nxf5 12. Nbd2 Qd7 13. b3 b5 14. Qc2 Rfe8 15. Bb2 Nce7 16. Ne5 Bxe5 17. Rxe5 Nh4 18. Rae1 Neg6 19. Rxe8+ Rxe8 20. Qd1 Nf4 0-1

[Event "Podgorica U2300 op"]
[Site "Podgorica"]
[Date "2021.04.17"]
[Round "3"]
[White "Mitrovic, Miroslav"]
[Black "Lakusic, Zoran"]
[Result "0-1"]
[WhiteElo "1963"]
[BlackElo "1693"]
[PlyCount "80"]
[EventDate "2021.04.16"]
[EventType "swiss"]
[EventRounds "9"]
[EventCountry "MNE"]
[SourceTitle "EXT 2022"]
[Source "ChessBase"]
[SourceDate "2021.10.06"]
[SourceVersion "1"]
[SourceVersionDate "2021.10.06"]
[SourceQuality "1"]

1. e4 c5 2. c3 Nc6 3. Nf3 g6 4. d4 cxd4 5. Nxd4 Bg7 6. Nxc6 bxc6 7. Bd3 Bb7 8. 0-0 Qc7 9. Nd2 Nf6 10. h3 0-0 11. Re1 e5 12. Qa4 d5 13. Ba6 Nd7 14. Bxb7 Qxb7 15. Qc2 a5 16. Nf3 d4 17. Bd2 c5 18. Rab1 Qa6 19. cxd4 cxd4 20. Rbc1 Rfc8 21. Qa4 Nc5 22. Qc4 Qxc4 23. Rxc4 Nd3 24. Rxc8+ Rxc8 25. Rb1 f5 26. exf5 e4 27. Ne1 Nxe1 28. Bxe1 gxf5 29. Bxa5 f4 30. Kf1 Rc2 31. a4 e3 32. fxe3 fxe3 33. Be1 d3 34. Bc3 Rf2+ 35. Kg1 Bxc3 36. bxc3 Rc2 37. Kf1 Rf2+ 38. Kg1 Rf8 39. a5 d2 40. a6 e2 0-1

[Event "MNT-chT"]
[Site "Podgorica"]
[Date "2020.10.12"]
[Round "6.1"]
[White "Mitrovic, Miroslav"]
[Black "Tomovic, Zora"]
[Result "1-0"]
[WhiteElo "1947"]
[BlackElo "1761"]
[PlyCount "87"]
[EventDate "2020.10.09"]
[EventType "team-tourn"]
[EventRounds "9"]
[EventCountry "MNE"]
[SourceTitle "CBM 198 Extra"]
[Source "ChessBase"]
[SourceDate "2020.11.30"]
[SourceVersion "1"]
[SourceVersionDate "2020.11.30"]
[SourceQuality "1"]
[WhiteTeam "Cetinje"]
[BlackTeam "Rokada"]
[WhiteTeamCountry "MNE"]
[BlackTeamCountry "MNE"]

1. e4 e5 2. Nf3 Nc6 3. c3 Nf6 4. d3 h6 5. Nbd2 d6 6. d4 exd4 7. Nxd4 Nxd4 8. cxd4 Be7 9. Bd3 0-0 10. 0-0 b6 11. b3 Qd7 12. Bb2 Bb7 13. Rc1 Rac8 14. Re1 c5 15. d5 Ne8 16. Rc2 f5 17. Qe2 Bf6 18. Bc1 Qe7 19. Bc4 fxe4 20. Nxe4 Bd4 21. Bb2 Bxb2 22. Rxb2 Nc7 23. Nc3 Qf6 24. Rc2 Rce8 25. Qd1 Rxe1+ 26. Qxe1 a6 27. a4 Qf5 28. Re2 b5 29. axb5 axb5 30. Nxb5 Nxb5 31. Bxb5 Bxd5 32. Bc4 Bxc4 33. bxc4 Qf4 34. Re4 Qf6 35. g3 Ra8 36. Kg2 Ra1 37. Qe2 Ra8 38. Re6 Qd4 39. Re4 Qc3 40. Rf4 Qe5 41. Re4 Qf5 42. Rf4 Qe5 43. Qd3 Qe7 44. Qd5+ 1-0

[Event "Cetinje op"]
[Site "Cetinje"]
[Date "2016.05.06"]
[Round "4"]
[White "Rabrenovic, Vladan"]
[Black "Mitrovic, Miroslav"]
[Result "1-0"]
[WhiteElo "2381"]
[BlackElo "2086"]
[PlyCount "87"]
[EventDate "2016.05.04"]
[EventType "swiss"]
[EventRounds "9"]
[EventCountry "MNE"]
[SourceTitle "CBM 172 Extra"]
[Source "ChessBase"]
[SourceDate "2016.06.21"]
[SourceVersion "1"]
[SourceVersionDate "2016.06.21"]
[SourceQuality "1"]

1. d4 Nf6 2. c4 g6 3. Nc3 d6 4. e4 Bg7 5. Bd3 e5 6. d5 a5 7. Nge2 Na6 8. f3 Nh5 9. Be3 b6 10. g4 Nf6 11. Qd2 Nc5 12. Bc2 h5 13. g5 Nfd7 14. 0-0 0-0 15. Kh1 Ba6 16. b3 Bc8 17. Rg1 Nb8 18. Raf1 Nba6 19. a3 Qe7 20. Rf2 Bh3 21. Rb1 Bc8 22. b4 axb4 23. axb4 Nd7 24. Nc1 Nab8 25. Nd3 Rd8 26. Rff1 Nf8 27. Ra1 Rxa1 28. Rxa1 Nh7 29. Ra7 Rf8 30. Bxb6 Nxg5 31. Rxc7 Qf6 32. Bd1 Bg4 33. Qf2 Bxf3+ 34. Bxf3 Nxf3 35. c5 g5 36. c6 g4 37. Ra7 h4 38. Be3 Rc8 39. b5 Kh7 40. Ra1 Bh6 41. Bxh6 Qxh6 42. Ne1 Qf4 43. Nxf3 gxf3 44. Rf1 1-0

[Event "MNT-chT"]
[Site "Cetinje"]
[Date "2010.10.09"]
[Round "8"]
[White "Mitrovic, Miroslav"]
[Black "Cetkovic, Miodrag"]
[Result "1/2-1/2"]
[WhiteElo "2114"]
[BlackElo "2252"]
[PlyCount "20"]
[EventDate "2010.08.27"]
[EventType "team-tourn"]
[EventRounds "9"]
[EventCountry "MNE"]
[SourceTitle "CBM 138 Extra"]
[Source "ChessBase"]
[SourceDate "2010.10.29"]
[SourceVersion "1"]
[SourceVersionDate "2010.10.29"]
[SourceQuality "1"]

1. e4 g6 2. d4 Bg7 3. Nf3 c6 4. c3 d5 5. exd5 cxd5 6. Bd3 Nf6 7. 0-0 0-0 8. Re1 Bg4 9. Nbd2 Nc6 10. Nf1 a6 1/2-1/2

[Event "Podgorica Zeta CC-ch 10th"]
[Site "Podgorica"]
[Date "2009.05.03"]
[Round "5"]
[White "Mitrovic, Miroslav"]
[Black "Vujacic, Igor"]
[Result "1/2-1/2"]
[WhiteElo "2097"]
[BlackElo "2210"]
[PlyCount "46"]
[EventDate "2009.04.30"]
[EventType "swiss"]
[EventRounds "7"]
[EventCountry "MNE"]
[SourceTitle "EXT 2020"]
[Source "ChessBase"]
[SourceDate "2019.10.17"]
[SourceVersion "1"]
[SourceVersionDate "2019.10.17"]
[SourceQuality "1"]

1. e4 c5 2. c3 Nf6 3. e5 Nd5 4. d4 cxd4 5. Nf3 Nc6 6. Bc4 Nb6 7. Bb3 g6 8. cxd4 Bg7 9. Bf4 d6 10. Nc3 0-0 11. h3 dxe5 12. dxe5 Na5 13. Bc2 Be6 14. 0-0 Nd5 15. Nxd5 Bxd5 16. b3 Rc8 17. Rc1 Nc6 18. Re1 Bxf3 19. Qxf3 Nd4 20. Qe4 Nxc2 21. Rxc2 Rxc2 22. Qxc2 Qd5 23. Qe4 Rd8 1/2-1/2

[Event "MNT-ch sf"]
[Site "Cetinje"]
[Date "2008.06.01"]
[Round "9"]
[White "Mitrovic, Miroslav"]
[Black "Abramovic, Dragoljub"]
[Result "1-0"]
[WhiteElo "2068"]
[BlackElo "2171"]
[PlyCount "127"]
[EventDate "2008.05.28"]
[EventType "swiss"]
[EventRounds "9"]
[EventCountry "MNE"]
[SourceTitle "CBM 124 Extra"]
[Source "ChessBase"]
[SourceDate "2008.07.03"]
[SourceVersion "1"]
[SourceVersionDate "2008.07.03"]
[SourceQuality "1"]

1. e4 e6 2. d4 d5 3. Nc3 Bb4 4. e5 b6 5. a3 Bxc3+ 6. bxc3 Qd7 7. Qg4 f5 8. Qh5+ Qf7 9. Qh4 Ba6 10. Bxa6 Nxa6 11. a4 Ne7 12. Ba3 Nc6 13. Nf3 h6 14. 0-0 Rd8 15. Rad1 Na5 16. Nd2 g5 17. Qg3 Qd7 18. Qd3 Nb8 19. Bb4 Nbc6 20. Ba3 Kf7 21. Qe2 Kg7 22. Qb5 Rhe8 23. Bb4 Nb7 24. Nb3 a5 25. Ba3 Ne7 26. Qe2 Ng6 27. Bc1 c5 28. g3 Rf8 29. Qa6 c4 30. Nd2 Rb8 31. Qxb6 f4 32. Ba3 Rf7 33. Rb1 Rc8 34. Rb5 Rc7 35. Rfb1 h5 36. Bd6 Nxd6 37. Qxd6 fxg3 38. fxg3 Qxd6 39. exd6 Rcd7 40. Rb6 g4 41. R1b5 Nf8 42. Rxa5 Nh7 43. Rab5 Ng5 44. Rb1 Nh3+ 45. Kh1 Ra7 46. Rc6 Rxa4 47. Rf1 Rd7 48. Kg2 Ra8 49. Nf3 gxf3+ 50. Kxh3 Rf8 51. Rc7 Rxc7 52. dxc7 Rc8 53. Rxf3 Rxc7 54. Kh4 Kg6 55. Re3 Kf6 56. h3 Ra7 57. Kxh5 Ra8 58. h4 Rg8 59. Rf3+ Ke7 60. g4 Rh8+ 61. Kg5 Rg8+ 62. Kf4 Rf8+ 63. Kg3 Rg8 64. h5 1-0

[Event "MNT-ch sf"]
[Site "Cetinje"]
[Date "2008.05.29"]
[Round "2"]
[White "Mitrovic, Miroslav"]
[Black "Pecurica, Milos"]
[Result "1/2-1/2"]
[WhiteElo "2068"]
[BlackElo "1881"]
[PlyCount "120"]
[EventDate "2008.05.28"]
[EventType "swiss"]
[EventRounds "9"]
[EventCountry "MNE"]
[SourceTitle "CBM 124 Extra"]
[Source "ChessBase"]
[SourceDate "2008.07.03"]
[SourceVersion "1"]
[SourceVersionDate "2008.07.03"]
[SourceQuality "1"]

1. e4 e6 2. d4 d5 3. Nd2 Nf6 4. e5 Nfd7 5. f4 c5 6. c3 Nc6 7. Ngf3 Qb6 8. Qb3 cxd4 9. Qxb6 Nxb6 10. Nxd4 Bd7 11. N2b3 Nc4 12. Nxc6 Bxc6 13. Nd4 Rc8 14. Bxc4 dxc4 15. Nxc6 Rxc6 16. Be3 Bc5 17. Bxc5 Rxc5 18. 0-0-0 Ke7 19. Rd4 Rd8 20. Rxd8 Kxd8 21. Rd1+ Kc7 22. Rd4 b5 23. Kc2 f6 24. exf6 gxf6 25. Re4 Kd6 26. Kd2 a5 27. a3 h5 28. Rd4+ Ke7 29. Ke3 e5 30. Rd2 Ke6 31. Rd8 exf4+ 32. Kxf4 Rf5+ 33. Ke3 Re5+ 34. Kf4 Rf5+ 35. Ke3 Re5+ 36. Kf2 Kf5 37. Kf3 Rc5 38. Ra8 a4 39. Rh8 Kg6 40. Rb8 Kf5 41. Ke3 Rd5 42. Rb6 Rd3+ 43. Ke2 Rd5 44. Rb8 Re5+ 45. Kf3 Rd5 46. Rh8 Rd3+ 47. Ke2 Kg6 48. Re8 Rd5 49. Rf8 Kg7 50. Rb8 Kg6 51. Ke3 Kf5 52. Rb7 Rd3+ 53. Ke2 Rd5 54. Ke3 Rd3+ 55. Ke2 Rd5 56. Rh7 Kg6 57. Rh8 Kg7 58. Rb8 Kg6 59. Rg8+ Kf7 60. Rg3 Ke6 1/2-1/2

[Event "MNT-ch sf"]
[Site "Cetinje"]
[Date "2007.??.??"]
[Round "6"]
[White "Kandic, Milojko"]
[Black "Mitrovic, Miroslav"]
[Result "0-1"]
[WhiteElo "2054"]
[BlackElo "2065"]
[PlyCount "89"]
[EventDate "2007.05.30"]
[EventType "swiss"]
[EventRounds "9"]
[EventCountry "MNE"]
[SourceTitle "EXT 2020"]
[Source "ChessBase"]
[SourceDate "2019.10.17"]
[SourceVersion "1"]
[SourceVersionDate "2019.10.17"]
[SourceQuality "1"]

1. e4 e6 2. d4 d5 3. e5 c5 4. c3 Nc6 5. Nf3 a6 6. Bd3 Qb6 7. 0-0 Bd7 8. dxc5 Qc7 9. Re1 Bxc5 10. b4 Bb6 11. a4 Nge7 12. Ba3 Ng6 13. Bxg6 hxg6 14. b5 Na5 15. Bd6 Qc8 16. bxa6 Rxa6 17. Na3 Nc4 18. Nxc4 Qxc4 19. Rb1 Bxa4 20. Qd2 Qc8 21. Qf4 Bd8 22. Ng5 Qd7 23. Re3 Bc2 24. Rc1 Ra4 25. Qg3 Bf5 26. Nf3 Rg4 27. Ra1 Rxg3 28. hxg3 Qc8 29. Nd4 Bb6 30. g4 Bxg4 31. f3 Bf5 32. g4 Bc2 33. Kg2 Kd7 34. Bb4 g5 35. Nxc2 Bxe3 36. Nxe3 Qc6 37. Ra5 d4 38. Nf1 dxc3 39. Rc5 Qa4 40. Bxc3 Rc8 41. Ra5 Qc2+ 42. Bd2 Qd3 43. Kf2 Rc2 44. Ke1 Qxf3 45. Ra4 0-1

[Event "MNT-ch sf"]
[Site "Cetinje"]
[Date "2007.??.??"]
[Round "9"]
[White "Podlesnik, Bogdan"]
[Black "Mitrovic, Miroslav"]
[Result "1-0"]
[WhiteElo "2420"]
[BlackElo "2065"]
[PlyCount "83"]
[EventDate "2007.05.30"]
[EventType "swiss"]
[EventRounds "9"]
[EventCountry "MNE"]
[SourceTitle "EXT 2020"]
[Source "ChessBase"]
[SourceDate "2019.10.17"]
[SourceVersion "1"]
[SourceVersionDate "2019.10.17"]
[SourceQuality "1"]

1. e4 e6 2. d4 d5 3. Nd2 dxe4 4. Nxe4 Nd7 5. Bd3 Ngf6 6. Qe2 c5 7. Nxf6+ Nxf6 8. dxc5 Bxc5 9. Bd2 0-0 10. Nf3 e5 11. Nxe5 Re8 12. Bc3 Bd4 13. 0-0-0 Bg4 14. Bxh7+ Kxh7 15. Qd3+ Kg8 16. Nxg4 Nxg4 17. Qxd4 Qg5+ 18. Qd2 Qg6 19. h3 Nh6 20. g4 Qa6 21. Qg5 f6 22. Qd5+ Nf7 23. Rhe1 Red8 24. Qb3 Rxd1+ 25. Rxd1 Qc6 26. a3 a5 27. Kb1 a4 28. Qb4 Ng5 29. h4 Ne4 30. f3 Nf2 31. Rf1 Qxf3 32. Qd4 Qxg4 33. Qxf2 Rd8 34. Qg1 Qxg1 35. Rxg1 Kf7 36. Rg4 Rd1+ 37. Ka2 Rc1 38. Rxa4 Rxc2 39. Rb4 Rg2 40. Rxb7+ Ke6 41. a4 Kd5 42. a5 1-0

[Event "MNT-chT 2nd League"]
[Site "Podgorica"]
[Date "2006.10.15"]
[Round "5"]
[White "Mitrovic, Miroslav"]
[Black "Boskovic, Momir"]
[Result "1-0"]
[WhiteElo "2085"]
[BlackElo "1769"]
[PlyCount "108"]
[EventDate "2006.09.03"]
[EventType "team-swiss"]
[EventRounds "7"]
[EventCountry "MNE"]
[SourceTitle "EXT 2023"]
[Source "ChessBase"]
[SourceDate "2022.10.05"]
[SourceVersion "1"]
[SourceVersionDate "2022.10.05"]
[SourceQuality "1"]

1. e4 c5 2. c3 d5 3. exd5 Qxd5 4. Nf3 Nc6 5. Na3 Bg4 6. Be2 Nf6 7. 0-0 e6 8. d4 cxd4 9. Nb5 Rc8 10. Nbxd4 Be7 11. Qa4 Qe4 12. Ng5 Qg6 13. Nxc6 bxc6 14. Bxg4 Nxg4 15. Qxg4 h6 16. Qe4 hxg5 17. Qxg6 fxg6 18. Be3 Kf7 19. Rfd1 Rc7 20. h3 e5 21. Kf1 Ke6 22. Ke2 Rh4 23. b3 g4 24. hxg4 Rxg4 25. g3 Rb7 26. Rh1 a5 27. f3 Rxg3 28. Kf2 Bg5 29. Kxg3 Bxe3 30. Rab1 Bd2 31. Rhd1 Bxc3 32. Rbc1 Bb4 33. Rxc6+ Kf5 34. Rd5 g5 35. Rc4 Be1+ 36. Kg2 Ke6 37. Rd3 Bb4 38. Kg3 Kf5 39. Re4 g6 40. Rd5 Re7 41. Rb5 Bd2 42. Rc4 Rh7 43. Kg2 Rd7 44. Rcc5 Re7 45. a3 Re6 46. Kf2 g4 47. fxg4+ Kf4 48. Ke2 Be3 49. Rc4+ e4 50. Rxa5 Rd6 51. Rc2 Rd3 52. Rb5 Kxg4 53. a4 g5 54. a5 Kf4 1-0